• 首页
  • 本馆介绍
  • 公告通知
  • 最新文献
  • 馆藏检索
  • 电子资源
  • 读者导购
  • 参考咨询
  • 我的图书馆
  • 登录
  • 详细信息显示
  • 放入我的书架
  • 预约/预借图书
  • 作者相关作品
  • 分类相关作品
  • 丛书相关作品
  • 出版社相关作品

书目信息

  • 表格格式
  • 工作单格式
  • 卡片格式
题名:
幸福与尊严
    
 
作者: 俞可平 主编
分册:  
出版信息: 北京   中央编译出版社  2012
页数: 221页
开本: 23cm
丛书名:
单 册:
中图分类: B82-53
科图分类:
主题词: 幸福--通俗读物 , 尊严--文集 , 幸福 , 尊严
电子资源:
ISBN: 978-7-5117-1503-6
000 01248nam0 22003011 450
001 523
005 20140905085923.15
010    @a978-7-5117-1503-6@dCNY45.00
100    @a20130108d2012 em y0chiy50 ea
101 0  @achi
102    @aCN@b110000
105    @ay z 000yy
106    @ar
200 1  @a幸福与尊严@AXing Fu Yu Zun Yan@e一种关于未来的设计@EYi Zhong Guan Yu Wei Lai De She Ji@dHappiness and dignity@evisions of a future@f俞可平主编@FYu Ke Ping Zhu Bian@zeng
210    @a北京@c中央编译出版社@d2012
215    @a221页@d23cm
300    @a前瞻未来系列
330    @a本书是由中外十多名知名的政治哲学家,就幸福、公正、自由、尊严等基本政治价值进行的一场跨国界、跨政治、跨文化的对话。本书试图告诉读者:人类社会确实有着共同的价值追求,但不同国家的人民对这些共同价值必然会有不同的理解。在全球化和网络化的时代,我们既要强调中国特色,但更不可离开人类文明的大道。
510 1  @aHappiness and dignity@evisions of a future@zeng
517 1  @a一种关于未来的设计@AYi Zhong Guan Yu Wei Lai De She Ji
606 0  @a幸福@j通俗读物
606 0  @a尊严@j文集
606 0  @a幸福
606 0  @a尊严
690    @aB82-53@v5
701  0 @a俞可平@AYu Ke Ping@f(1959.7~)@4主编
801  0 @aCN@bTANGWEI@c20140603
905    @b0836580-82@dB82-53@e528@f3
    
    幸福与尊严:一种关于未来的设计=Happiness and dignity:visions of a future/俞可平主编.-北京:中央编译出版社,2012
    221页;23cm
    前瞻未来系列
    
    ISBN 978-7-5117-1503-6:CNY45.00
    本书是由中外十多名知名的政治哲学家,就幸福、公正、自由、尊严等基本政治价值进行的一场跨国界、跨政治、跨文化的对话。本书试图告诉读者:人类社会确实有着共同的价值追求,但不同国家的人民对这些共同价值必然会有不同的理解。在全球化和网络化的时代,我们既要强调中国特色,但更不可离开人类文明的大道。
●
相关链接 在E读中查询图书 在五车中查询图书 在当当中查询图书 在豆瓣中查询图书


正题名:幸福与尊严     索取号:B82-53/528         预约/预借

序号 登录号 条形码 馆藏地/架位号 状态 备注
1 0836580   208365801   第一样本阅览室/ [索取号:B82-53/528] 在馆    
2 0836581   208365810   第一借阅区/ [索取号:B82-53/528] 在馆    
3 0836582   208365829   第一借阅区/ [索取号:B82-53/528] 在馆    
唐山师范学院图书馆 欢迎您!
大连网信软件有限公司© 版权所有